| 000 | 00777nam a2200241 a 4500 | ||
|---|---|---|---|
| 001 | 000013747 | ||
| 003 | DO-SdBNP | ||
| 005 | 20230207122347.0 | ||
| 008 | 091130s2012 dr 000 p spa d | ||
| 020 | _a9789974681897 | ||
| 040 |
_aDO-SdBNP _bspa _cBNPHU |
||
| 082 | 4 |
_aRD861.5 _bV297p _222 |
|
| 100 | 1 |
_aVargas, Sonia _930881 |
|
| 245 | 1 | 0 |
_aPiel : _bpoemas / _cSonia Vargas ; comentarios Cristiane Grando, Beatriz Schaefer Peña, Rocio Cardoso. |
| 260 |
_aUruguay : _bBotella al mar, _c2012. |
||
| 300 |
_a78 p. ; _c21 cm. |
||
| 500 | _aIncluye datos biográficos de la autora en las solapas | ||
| 590 | _aInventariado, 2023/MFF | ||
| 650 | 4 | _aPoesía dominicana | |
| 650 | 4 | _aLiteratura dominicana | |
| 910 | _aValidado. Control de calidad MFF | ||
| 942 |
_2ddc _cLBS1 |
||
| 999 |
_c13360 _d13360 |
||